[Event "Wch Blitz"]
[Site "Almaty"]
[Date "2022.12.29"]
[Round "9"]
[White "Adly, Ahmed"]
[Black "Makarian, Rudik"]
[Result "0-1"]
[WhiteElo "2605"]
[BlackElo "2440"]
[PlyCount "94"]
[EventDate "2022.12.29"]
[EventType "swiss (blitz)"]
[EventRounds "21"]
[EventCountry "KAZ"]
[SourceTitle "CBM 212"]
[Source "ChessBase"]
[SourceDate "2023.02.28"]
[SourceVersion "1"]
[SourceVersionDate "2023.02.28"]
[SourceQuality "1"]

1. Nf3 Nf6 2. g3 b5 3. Bg2 Bb7 4. 0-0 e6 5. a4 b4 6. d4 Be7 7. c4 0-0 8. Bf4 c5 9. dxc5 Na6 10. Nbd2 Nxc5 11. Nb3 Rc8 12. Ne5 Bxg2 13. Kxg2 d5 14. Nd4 dxc4 15. Ndc6 Qc7 16. Rc1 Qb7 17. Rxc4 Rxc6 18. Nxc6 Qxc6+ 19. f3 a5 20. Qc2 Nd5 21. Rc1 Rc8 22. Qd1 e5 23. Bd2 Nb6 24. R4c2 Nbxa4 25. Be3 b3 26. Rd2 h6 27. Rc4 Qb5 28. Qc1 Rb8 29. Rd5 Rc8 30. Rxe5 Bf8 31. Bxh6 Nxb2 32. Rg4 Nbd3 33. exd3 b2 34. Qg5 b1Q 35. Re2 Q5xd3 36. Rf2 Ne6 37. Qe5 Qf5 38. Bxg7 Bxg7 39. Rxg7+ Nxg7 40. Qd4 Qe6 41. Qa7 Qb5 42. h4 a4 43. Rd2 Qbd5 44. Rf2 Qb3 45. h5 a3 46. h6 Qxh6 47. Re2 Qd1 0-1

[Event "Wch Blitz"]
[Site "Almaty"]
[Date "2022.12.29"]
[Round "6"]
[White "Sargissian, Gabriel"]
[Black "Adly, Ahmed"]
[Result "1/2-1/2"]
[WhiteElo "2559"]
[BlackElo "2605"]
[PlyCount "65"]
[EventDate "2022.12.29"]
[EventType "swiss (blitz)"]
[EventRounds "21"]
[EventCountry "KAZ"]
[SourceTitle "CBM 212"]
[Source "ChessBase"]
[SourceDate "2023.02.28"]
[SourceVersion "1"]
[SourceVersionDate "2023.02.28"]
[SourceQuality "1"]

1. d4 Nf6 2. Nf3 e6 3. c4 Bb4+ 4. Bd2 a5 5. g3 b6 6. Bg2 Bb7 7. 0-0 0-0 8. Bf4 d5 9. Ne5 Bd6 10. Nc3 Nbd7 11. Nxd7 Qxd7 12. cxd5 Nxd5 13. Nxd5 Bxd5 14. Bxd5 exd5 15. Bxd6 Qxd6 16. Rc1 Rac8 17. Qa4 c5 18. dxc5 Rxc5 19. Rxc5 Qxc5 20. Rd1 Qc4 21. Qxc4 dxc4 22. Rd6 Rb8 23. Kf1 Kf8 24. Rc6 b5 25. Rc7 Rd8 26. Ke1 Rd5 27. a4 g6 28. h4 h5 29. e3 Kg7 30. Rc6 Kf8 31. Rc7 Kg7 32. Rc6 Kf8 33. Rc7 1/2-1/2

[Event "Wch Rapid"]
[Site "Almaty"]
[Date "2022.12.28"]
[Round "11"]
[White "Adly, Ahmed"]
[Black "Gharibyan, Mamikon"]
[Result "0-1"]
[WhiteElo "2588"]
[BlackElo "2382"]
[PlyCount "84"]
[EventDate "2022.12.26"]
[EventType "swiss (rapid)"]
[EventRounds "13"]
[EventCountry "KAZ"]
[SourceTitle "CBM 212"]
[Source "ChessBase"]
[SourceDate "2023.02.28"]
[SourceVersion "1"]
[SourceVersionDate "2023.02.28"]
[SourceQuality "1"]

1. Nf3 d5 2. g3 Nf6 3. Bg2 e6 4. 0-0 Be7 5. d3 0-0 6. Nbd2 a5 7. e4 a4 8. e5 Nfd7 9. c3 c5 10. d4 Nc6 11. Re1 b5 12. h4 b4 13. c4 cxd4 14. cxd5 exd5 15. Nf1 d3 16. Qxd3 Nc5 17. Qd1 Bf5 18. Nd4 Nxd4 19. Qxd4 Nd3 20. Re2 Bc5 21. Qxd5 Qxd5 22. Bxd5 Rad8 23. Bf3 Bd4 24. Ne3 Be6 25. Nc2 Bxe5 26. Nxb4 Nxb4 27. Rxe5 Nc2 28. Bg5 Nxa1 29. Bxd8 Rxd8 30. Ra5 Kf8 31. Rxa4 Rd2 32. b3 Ke7 33. Be4 h5 34. Ra7+ Kd6 35. Bh7 Bd5 36. f3 Nc2 37. Bg8 Ne3 38. Bxf7 Bxf3 39. Ra6+ Kc7 40. Bxh5 Bb7 41. Ra7 Rg2+ 42. Kh1 Rxa2+ 0-1

[Event "Wch Rapid"]
[Site "Almaty"]
[Date "2022.12.27"]
[Round "6"]
[White "Adly, Ahmed"]
[Black "Muradli, Mahammad"]
[Result "0-1"]
[WhiteElo "2588"]
[BlackElo "2447"]
[PlyCount "152"]
[EventDate "2022.12.26"]
[EventType "swiss (rapid)"]
[EventRounds "13"]
[EventCountry "KAZ"]
[SourceTitle "CBM 212"]
[Source "ChessBase"]
[SourceDate "2023.02.28"]
[SourceVersion "1"]
[SourceVersionDate "2023.02.28"]
[SourceQuality "1"]

1. d4 Nf6 2. Nf3 g6 3. Nc3 Bg7 4. e4 d6 5. Bg5 Bg4 6. h3 Bxf3 7. Qxf3 Nc6 8. 0-0-0 Nd7 9. Qe3 h6 10. Bh4 Nxd4 11. f4 c5 12. Nd5 Nc6 13. e5 dxe5 14. fxe5 Bxe5 15. Bb5 Qa5 16. a4 e6 17. Nf6+ Bxf6 18. Rxd7 Bxh4 19. Qxc5 Qb6 20. Qxb6 axb6 21. Rxb7 0-0 22. Bxc6 Rab8 23. Rd7 Rfd8 24. Rhd1 Rxd7 25. Rxd7 Kf8 26. c3 Rd8 27. Rb7 Bf2 28. b4 Rc8 29. b5 Rd8 30. Kc2 Be3 31. Ra7 f5 32. c4 Rd2+ 33. Kc3 Ra2 34. Kb3 Ra1 35. Rd7 Bc5 36. Ra7 e5 37. Bd5 e4 38. Rf7+ Ke8 39. Rf6 e3 40. Rxg6 Kd7 41. Bc6+ Ke7 42. Bd5 Kd7 43. Bf3 Ra3+ 44. Kb2 Rxa4 45. Rxh6 Rxc4 46. Rc6 Ke7 47. Be2 Rd4 48. Kc3 Rd2 49. Bf3 Ra2 50. Kd3 Rd2+ 51. Kc3 Bd4+ 52. Kc4 Be5 53. Rxb6 e2 54. Bxe2 Rxe2 55. Kd5 Bg3 56. Rg6 Rxg2 57. b6 Kf7 58. Rg5 Kf6 59. Rg8 Rd2+ 60. Kc6 Be5 61. b7 Rc2+ 62. Kd5 Rd2+ 63. Kc6 Rb2 64. Rf8+ Ke6 65. Re8+ Kf6 66. h4 Bf4 67. h5 Kg5 68. Rf8 Rc2+ 69. Kd5 Rb2 70. Kc6 Rh2 71. b8Q Bxb8 72. Rxb8 Rxh5 73. Kd5 Rh1 74. Kd4 Re1 75. Kd3 Kg4 76. Kd2 Re7 0-1

[Event "Wch Rapid"]
[Site "Almaty"]
[Date "2022.12.27"]
[Round "8"]
[White "Dragnev, Valentin"]
[Black "Adly, Ahmed"]
[Result "0-1"]
[WhiteElo "2444"]
[BlackElo "2588"]
[PlyCount "60"]
[EventDate "2022.12.26"]
[EventType "swiss (rapid)"]
[EventRounds "13"]
[EventCountry "KAZ"]
[SourceTitle "CBM 212"]
[Source "ChessBase"]
[SourceDate "2023.02.28"]
[SourceVersion "1"]
[SourceVersionDate "2023.02.28"]
[SourceQuality "1"]

1. e4 c6 2. d4 d5 3. e5 Bf5 4. h4 h5 5. Bd3 Bxd3 6. Qxd3 Qa5+ 7. Nd2 e6 8. Ngf3 Nh6 9. 0-0 Nf5 10. a4 Be7 11. Nb3 Qa6 12. Qd1 Nxh4 13. Nxh4 Bxh4 14. Nc5 Qb6 15. Ra3 Qc7 16. Rh3 Be7 17. Rxh5 Rg8 18. Qd3 Nd7 19. Nxd7 Kxd7 20. Rh7 Raf8 21. Qg3 c5 22. c3 cxd4 23. cxd4 Qc2 24. Rxg7 Rh8 25. Bg5 Rh5 26. Qf4 Rfh8 27. g4 Rh1+ 28. Kg2 Rxf1 29. Rxf7 Rg1+ 30. Kxg1 Qd1+ 0-1

[Event "Wch Rapid"]
[Site "Almaty"]
[Date "2022.12.26"]
[Round "4"]
[White "Adly, Ahmed"]
[Black "Bilguun, Sumiya"]
[Result "1/2-1/2"]
[WhiteElo "2588"]
[BlackElo "2468"]
[PlyCount "180"]
[EventDate "2022.12.26"]
[EventType "swiss (rapid)"]
[EventRounds "13"]
[EventCountry "KAZ"]
[SourceTitle "CBM 212"]
[Source "ChessBase"]
[SourceDate "2023.02.28"]
[SourceVersion "1"]
[SourceVersionDate "2023.02.28"]
[SourceQuality "1"]

1. d4 d5 2. Nc3 Nf6 3. Bf4 g6 4. e3 Bg7 5. h4 h5 6. Nb5 Na6 7. c4 c6 8. Nc3 0-0 9. Nf3 Bg4 10. Qb3 Bc8 11. Rc1 Nc7 12. Ne5 a5 13. Na4 dxc4 14. Bxc4 Ncd5 15. Bg5 Ne4 16. Bxd5 cxd5 17. Nb6 Rb8 18. Bf4 Be6 19. Ned7 Bxd7 20. Bxb8 Bc6 21. Bf4 e6 22. Na4 Nd6 23. Nc5 Nc4 24. Nxb7 Qe7 25. Nd6 Rd8 26. Nxc4 dxc4 27. Qxc4 Bxg2 28. Rg1 Bd5 29. Qc7 Qb4+ 30. Qc3 Qb5 31. a3 e5 32. Bxe5 Bxe5 33. dxe5 Bf3 34. Qc2 Qxe5 35. Rg3 Be4 36. Qc3 Qf5 37. Kf1 Kh7 38. Kg1 Rd3 39. Qc7 Rd2 40. f3 Bd5 41. Qc3 Re2 42. Re1 Rc2 43. Qd4 Be6 44. Rf1 Rc4 45. Qd8 Rc2 46. b4 axb4 47. axb4 Rb2 48. Qg5 Qd3 49. Rg2 Rxb4 50. Re1 Rb5 51. Qg3 Qc3 52. Kh2 Qf6 53. e4 Rb3 54. Rf2 Qc3 55. Rd1 Qe3 56. Kg2 Bg4 57. Rd6 Ra3 58. Rd8 Rb3 59. Rf8 Kg7 60. Ra8 Kh7 61. Ra6 Rc3 62. Rd6 Rb3 63. Rf6 Be6 64. Qc7 Kg8 65. Qd8+ Kg7 66. Rxe6 fxe6 67. Qe7+ Kh6 68. Qf8+ Kh7 69. Rc2 Rb7 70. Qf6 Qd3 71. Ra2 Qd6 72. Ra8 Rg7 73. Qf8 Qxf8 74. Rxf8 g5 75. Kg3 g4 76. f4 Re7 77. Rf6 Kg7 78. e5 Re8 79. f5 exf5 80. Rxf5 Rh8 81. Rg5+ Kf7 82. Kf4 Rh7 83. Kf5 Rh6 84. Ke4 Rg6 85. Rxh5 g3 86. Rf5+ Ke6 87. Rf1 g2 88. Rg1 Rg4+ 89. Kf3 Rxh4 90. Rxg2 Kxe5 1/2-1/2